• 首页
  • 本馆介绍
  • 公告通知
  • 最新文献
  • 馆藏检索
  • 电子资源
  • 读者导购
  • 参考咨询
  • 我的图书馆
  • 登录
  • 详细信息显示
  • 放入我的书架
  • 预约/预借图书
  • 作者相关作品
  • 分类相关作品
  • 丛书相关作品
  • 出版社相关作品

书目信息

  • 表格格式
  • 工作单格式
  • 卡片格式
题名:
供应链与物流管理研究前沿报告
    
 
作者: 宋华 著
分册:  
出版信息: 北京   中国人民大学出版社  2013
页数: 284页
开本: 26cm
丛书名:
单 册:
中图分类: F259.22
科图分类:
主题词: 供应链管理--研究--中国--2012 , 物流--物资管理--研究--中国--2012 , 供应链管理 , 物流 , 物资管理
电子资源:
ISBN: 978-7-300-18199-8
000 01388nam0 2200313 450
001 523
005 20140908165125.76
010    @a978-7-300-18199-8@dCNY52.00
100    @a20131225d2013 em y0chiy50 ea
101 0  @achi
102    @aCN@b110000
105    @ay z 000yy
106    @ar
200 1  @a供应链与物流管理研究前沿报告@AGong Ying Lian Yu Wu Liu Guan Li Yan Jiu Qian Yan Bao Gao@e2012@dFrontiers report of supply chain and logistics management research@e2012@f宋华等著@FSong Hua Deng Zhu@zeng
210    @a北京@c中国人民大学出版社@d2013
215    @a284页@d26cm
300    @a中国人民大学研究报告系列
300    @a中央高校基本科研业务费专项资金资助
330    @a本书对供应链与物流管理领域的研究成果进行了系统性分析和整理,试图全面介绍和呈现该领域的主要研究课题和研究进展,反映当今企业经营战略和环境的巨大变化对供应链与物流管理的发展和变革的影响,揭示该领域的最新动态、重要理论观点、前沿和热点问题,厘清供应链物流管理理论研究的脉络,指出今后研究的发展方向。
510 1  @aFrontiers report of supply chain and logistics management research@e2012@zeng
606 0  @a供应链管理@x研究@y中国@z2012
606 0  @a物流@x物资管理@x研究@y中国@z2012
606 0  @a供应链管理
606 0  @a物流
606 0  @a物资管理
690    @aF259.22@v5
701  0 @a宋华@ASong Hua@c(企业管理,@f1969.1~)@4著
801  0 @aCN@bTANGWEI@c20140603
905    @b0840983-85@dF259.22@e208@f3
    
    供应链与物流管理研究前沿报告:2012=Frontiers report of supply chain and logistics management research:2012/宋华等著.-北京:中国人民大学出版社,2013
    284页;26cm
    中国人民大学研究报告系列.-中央高校基本科研业务费专项资金资助
    
    ISBN 978-7-300-18199-8:CNY52.00
    本书对供应链与物流管理领域的研究成果进行了系统性分析和整理,试图全面介绍和呈现该领域的主要研究课题和研究进展,反映当今企业经营战略和环境的巨大变化对供应链与物流管理的发展和变革的影响,揭示该领域的最新动态、重要理论观点、前沿和热点问题,厘清供应链物流管理理论研究的脉络,指出今后研究的发展方向。
●
相关链接 在E读中查询图书 在五车中查询图书 在当当中查询图书 在豆瓣中查询图书


正题名:供应链与物流管理研究前沿报告     索取号:F259.22/208         预约/预借

序号 登录号 条形码 馆藏地/架位号 状态 备注
1 0840983   208409836   第一样本阅览室/ [索取号:F259.22/208] 在馆    
2 0840984   208409845   密集书库-海洋学院/ [索取号:F259.22/208] 在馆    
3 0840985   208409854   第一借阅区/ [索取号:F259.22/208] 在馆    
唐山师范学院图书馆 欢迎您!
大连网信软件有限公司© 版权所有